Biggest Cities in Massachusetts on a Map - Statistics

General Stats
  • This quiz has been taken 426 times
  • The average score is 7 of 10
Answers on the Map
Answers color-coded by a green-red scale on the quiz's map according to % correct below.
 
Answer Stats
Population Answer % Correct
710,195 Boston
100%
186,433 Worcester
87%
155,472 Springfield
85%
121,783 Cambridge
78%
112,626 Lowell
74%
94,948 Quincy
64%
89,633 Fall River
62%
95,155 New Bedford
59%
96,032 Lynn
54%
96,313 Brockton
53%
No matching quizzes found
Score Distribution
Percent of People with Each Score
Percentile by Number Answered
Your Score History
You have not taken this quiz